Lekcii po teorii obrazov 2 analiz obrazov

Salvato in:
Dettagli Bibliografici
Natura: Libro
Lingua:russo
Pubblicazione: Moskva Mir 1981
Tags: Aggiungi Tag
Nessun Tag, puoi essere il primo ad aggiungerne!!

MARC

LEADER 00000nam a2200000 4500
001 c134780
005 20250701094645.0
041 0 |a rus 
044 |a RU 
245 1 0 |a Lekcii po teorii obrazov 2  |b analiz obrazov  |c U. Grenander ; [Perevod s angl. I. Gureviča] 
264 1 |a Moskva  |b Mir  |c 1981 
300 |a 446 s.